El Ambiente internacional que enfrenta América Central (primera parte)
Сохранить в:
| Формат: | Текст |
|---|---|
| Предметы: | |
| Метки: |
Добавить метку
Нет меток, Требуется 1-ая метка записи!
|
MARC
| LEADER | 00000 a a2200000 04500 | ||
|---|---|---|---|
| 001 | 5983 | ||
| 003 | |||
| 040 | |||
| 245 | |a El Ambiente internacional que enfrenta América Central (primera parte) | ||
| 650 | |a RELACIONES INTERNACIONALES | ||
| 650 | |a POLITICA INTERNACIONAL | ||
| 650 | |a COOPERACION INTERNACIONAL | ||
| 650 | |a ORGANIZACIONES INTERGUBERNAMENTALES | ||
| 650 | |a EXTERNALIDADES | ||
| 650 | |a ECONOMIA | ||
| 650 | |a DEMOCRACIA | ||
| 650 | |a PAZ | ||
| 650 | |a COMERCIO INTERNACIONAL | ||
| 650 | |a EXPORTACIONES | ||
| 773 | |g volumen 16, número 670; páginas 13-14 | ||
| 999 | |c 21541 |d 21541 | ||
